|
|
|
|
| LEADER |
01909nam a2200301 a 4500 |
| 001 |
GR-MES16213 |
| 008 |
140211s2008 gr g 000 0 gre d |
| 020 |
|
|
|a 9789604561209
|
| 040 |
|
|
|a GrPaTEI
|b gre
|c GR-PaULI
|
| 040 |
|
|
|a GrPaTEI
|b gre
|c GR-PaULI
|
| 082 |
|
0 |
|a 577
|2 22nd ed
|
| 100 |
1 |
|
|a Στάμου, Γ. Π.
|
| 245 |
1 |
0 |
|a Οικολογία :
|b εισαγωγή στην οικολογία των πληθυσμών /
|c Γ. Π.Στάμος.
|
| 260 |
|
|
|a Θεσσαλονίκη :
|b Ζήτη,
|c 2008
|
| 300 |
|
|
|a 202 σ.
|a πίν.,διαγρ.
|
| 500 |
|
|
|a σύστημα εύδοξος αρ.εισ.27063,27062,27959,27961,27960
|
| 610 |
|
4 |
|a Σύστημα ΕΥΔΟΞΟΣ
|
| 650 |
|
4 |
|a Οικολογία
|
| 650 |
|
4 |
|a Οικοσυστήματα
|
| 710 |
0 |
|
|a Ζήτη
|
| 942 |
|
|
|2 ddc
|
| 952 |
|
|
|0 0
|1 0
|2 ddc
|4 0
|6 577_000000000000000_ΣΤΑ
|7 0
|9 274189
|a MSLG
|b MSLG
|c EUD
|d 2021-01-17
|e 24
|f 0
|g 0.00
|l 0
|o 577 ΣΤΑ
|p 2420000027062
|r 2021-01-17 00:00:00
|t 1
|w 2021-01-17
|y BK15
|x 20140211 0 Κ.Γ. 1
|x GrPaTEI
|
| 952 |
|
|
|0 0
|1 0
|2 ddc
|4 0
|6 577_000000000000000_ΣΤΑ
|7 0
|9 274190
|a MSLG
|b MSLG
|c EUD
|d 2021-01-17
|e 24
|f 0
|g 0.00
|l 0
|o 577 ΣΤΑ
|p 2420000027063
|r 2021-01-17 00:00:00
|t 1
|w 2021-01-17
|y BK15
|x 20140211 0 Κ.Γ. 1
|x GrPaTEI
|
| 952 |
|
|
|0 0
|1 0
|2 ddc
|4 0
|6 577_000000000000000_ΣΤΑ
|7 0
|9 274191
|a MSLG
|b MSLG
|c EUD
|d 2021-01-17
|e 24
|f 0
|g 0.00
|l 0
|o 577 ΣΤΑ
|p 2420000027959
|r 2021-01-17 00:00:00
|t 1
|w 2021-01-17
|y BK15
|x 20160302 0 Κ.Γ. 1
|x GrPaTEI
|
| 952 |
|
|
|0 0
|1 0
|2 ddc
|4 0
|6 577_000000000000000_ΣΤΑ
|7 0
|9 274192
|a MSLG
|b MSLG
|c EUD
|d 2021-01-17
|e 24
|f 0
|g 0.00
|l 0
|o 577 ΣΤΑ
|p 2420000027960
|r 2021-01-17 00:00:00
|t 1
|w 2021-01-17
|y BK15
|x 20160302 0 Κ.Γ. 1
|x GrPaTEI
|
| 952 |
|
|
|0 0
|1 0
|2 ddc
|4 0
|6 577_000000000000000_ΣΤΑ
|7 0
|9 274193
|a MSLG
|b MSLG
|c EUD
|d 2021-01-17
|e 24
|f 0
|g 0.00
|l 0
|o 577 ΣΤΑ
|p 2420000027961
|r 2021-01-17 00:00:00
|t 1
|w 2021-01-17
|y BK15
|x 20160302 0 Κ.Γ. 1
|x GrPaTEI
|
| 971 |
|
|
|a .b25822627
|b 01-10-20
|c 13-09-16
|
| 999 |
|
|
|c 158635
|d 158635
|